[Event "Oberliga Ost A"]
[Site "?"]
[Date "2022.07.10"]
[Round "7.6"]
[White "Sandner, Gunter"]
[Black "Nake, Matthias"]
[Result "1/2-1/2"]
[WhiteElo "2244"]
[BlackElo "2156"]
[PlyCount "72"]
[EventDate "2021.10.10"]
[EventType "team-tourn"]
[EventCountry "GER"]
[WhiteTeam "Plauen SK Koenig"]
[BlackTeam "Dresden SG Gruen Weiss"]
[WhiteTeamCountry "GER"]
[BlackTeamCountry "GER"]

1. Nf3 c5 2. c4 Nc6 3. Nc3 g6 4. g3 Bg7 5. Bg2 Nf6 6. d3 O-O 7. O-O a6 8. d4
cxd4 9. Nxd4 Nxd4 10. Qxd4 d6 11. Qd2 Rb8 12. a4 Bd7 13. Ra3 Qc8 14. Qd3 Bh3
15. Bg5 Bxg2 16. Kxg2 Re8 17. b3 Qc5 18. Bc1 Rbd8 19. e4 Ng4 20. Ra2 Ne5 21.
Qc2 Nc6 22. Ba3 Qe5 23. Ne2 f5 24. exf5 Qxf5 25. Qxf5 gxf5 26. Rd2 Kf7 27. Rd5
Kf6 28. Rfd1 Bf8 29. Bb2+ e5 30. Ba3 Ke6 31. f3 Rd7 32. g4 fxg4 33. fxg4 Red8
34. Ng3 Nd4 35. Ne4 h6 36. Rb1 Nc2 1/2-1/2

[Event "Oberliga Ost A"]
[Site "?"]
[Date "2022.07.10"]
[Round "7.7"]
[White "Salewski, Bernd"]
[Black "Schaller, Sven"]
[Result "1-0"]
[WhiteElo "1975"]
[BlackElo "2256"]
[PlyCount "65"]
[EventDate "2021.10.10"]
[EventType "team-tourn"]
[EventCountry "GER"]
[WhiteTeam "Dresden SG Gruen Weiss"]
[BlackTeam "Plauen SK Koenig"]
[WhiteTeamCountry "GER"]
[BlackTeamCountry "GER"]

1. d4 d5 2. Nc3 c6 3. Bg5 Qb6 4. Na4 Qa5+ 5. c3 Nd7 6. b4 Qc7 7. e3 e5 8. Qb3
Bd6 9. c4 dxc4 10. Bxc4 Ndf6 11. dxe5 Bxe5 12. Rc1 Ne4 13. Nf3 Nxg5 14. Nxg5
Nh6 15. Nc5 Bf5 16. h3 Qe7 17. Nf3 Bd6 18. O-O b6 19. e4 Bg6 20. e5 Bxc5 21.
bxc5 b5 22. Bd3 Rd8 23. Bxg6 hxg6 24. Rfd1 O-O 25. Rd6 Nf5 26. Rxc6 Qb7 27.
Rxg6 Kh7 28. Rg4 a5 29. c6 Qb6 30. Rf4 Nh6 31. Ng5+ Kg8 32. e6 a4 33. Qc2 1-0

[Event "Oberliga Ost A"]
[Site "?"]
[Date "2022.07.10"]
[Round "7.8"]
[White "Hoerr, Matthias"]
[Black "Hutschenreiter, Joerg"]
[Result "0-1"]
[WhiteElo "2177"]
[BlackElo "2023"]
[PlyCount "134"]
[EventDate "2021.10.10"]
[EventType "team-tourn"]
[EventCountry "GER"]
[WhiteTeam "Plauen SK Koenig"]
[BlackTeam "Dresden SG Gruen Weiss"]
[WhiteTeamCountry "GER"]
[BlackTeamCountry "GER"]

1. e4 c5 2. Nc3 d6 3. Nge2 Nf6 4. d4 cxd4 5. Nxd4 a6 6. Be3 e5 7. Nb3 Be6 8.
Qd2 Nbd7 9. f4 b5 10. O-O-O Be7 11. Kb1 b4 12. Nd5 Bxd5 13. exd5 a5 14. fxe5
Nxe5 15. Bb5+ Nfd7 16. Nd4 O-O 17. Nc6 Nxc6 18. Bxc6 Rc8 19. Bxd7 Qxd7 20. Bd4
Qf5 21. Qe2 Bg5 22. g4 Qg6 23. h4 Rfe8 24. Qf2 Bf6 25. Bxf6 Qxf6 26. Qxf6 gxf6
27. Rhe1 Rxe1 28. Rxe1 Rc5 29. a3 bxa3 30. bxa3 Rxd5 31. Re4 Kg7 32. Kb2 Kg6
33. Kb3 f5 34. Rf4 fxg4 35. Rxg4+ Kf6 36. c4 h5 37. Rf4+ Rf5 38. Rd4 Ke6 39.
Ka4 Re5 40. Kb3 f5 41. a4 Rc5 42. Rd1 f4 43. Rg1 f3 44. Kc3 Kf5 45. Kd3 Kf4 46.
Rg6 d5 47. Rf6+ Kg4 48. cxd5 Rxd5+ 49. Ke4 Rc5 50. Rf4+ Kg3 51. Rxf3+ Kxh4 52.
Ra3 Kg4 53. Ra1 Rc3 54. Rg1+ Rg3 55. Rc1 h4 56. Rc5 h3 57. Rc8 Ra3 58. Rg8+ Kh4
59. Kf4 Rxa4+ 60. Kf3 Rb4 61. Kf2 Rf4+ 62. Ke3 Rg4 63. Ra8 Rg5 64. Rh8+ Rh5 65.
Rc8 h2 66. Rc1 Kg3 67. Rh1 Kg2 0-1

[Event "Oberliga Ost A"]
[Site "?"]
[Date "2022.07.10"]
[Round "7.1"]
[White "Hartge, Gedeon"]
[Black "Rafayevych, Vilen"]
[Result "1-0"]
[WhiteElo "2249"]
[BlackElo "2138"]
[PlyCount "93"]
[EventDate "2021.10.10"]
[EventType "team-tourn"]
[EventCountry "GER"]
[WhiteTeam "Halle USV"]
[BlackTeam "Magdeburg SG Aufbau Elbe II"]
[WhiteTeamCountry "GER"]
[BlackTeamCountry "GER"]

1. d4 d5 2. Nf3 Nf6 3. c4 e6 4. Nc3 Be7 5. Bg5 O-O 6. e3 Nbd7 7. Qc2 c6 8. cxd5
exd5 9. Bd3 Re8 10. O-O h6 11. Bf4 Nf8 12. h3 Ne6 13. Bh2 Bd6 14. Ne5 Ng5 15.
Na4 Nd7 16. f4 Ne4 17. Bxe4 dxe4 18. Qb3 Qe7 19. Nc3 Nf6 20. f5 a5 21. Kh1 Bb4
22. Rae1 a4 23. Qc2 a3 24. b3 Bxc3 25. Qxc3 Nd5 26. Qc2 Qg5 27. Qf2 b6 28. g4
Nb4 29. Qg2 Ba6 30. Rf2 Nd3 31. Nxd3 Bxd3 32. f6 gxf6 33. Rf5 Qg6 34. Qf2 Re6
35. Rg1 Ra5 36. Bc7 Rd5 37. Bxb6 Rd7 38. Bc5 Kh7 39. Rg2 Bb1 40. Qf4 Rb7 41.
Bf8 Kg8 42. Bxh6 Rb5 43. Rxb5 cxb5 44. Qb8+ Kh7 45. Bf4 Bd3 46. d5 Ra6 47. d6
1-0

[Event "Oberliga Ost A"]
[Site "?"]
[Date "2022.07.10"]
[Round "7.2"]
[White "Windelband, Jens"]
[Black "Becker, Michael"]
[Result "0-1"]
[WhiteElo "2080"]
[BlackElo "2270"]
[PlyCount "50"]
[EventDate "2021.10.10"]
[EventType "team-tourn"]
[EventCountry "GER"]
[WhiteTeam "Magdeburg SG Aufbau Elbe II"]
[BlackTeam "Halle USV"]
[WhiteTeamCountry "GER"]
[BlackTeamCountry "GER"]

1. e4 c5 2. Nf3 d6 3. d4 cxd4 4. Nxd4 Nf6 5. Nc3 Nc6 6. Bg5 e6 7. Qd2 Be7 8.
O-O-O O-O 9. f3 Nxd4 10. Qxd4 a6 11. g4 b5 12. h4 Bb7 13. h5 h6 14. Be3 d5 15.
g5 hxg5 16. Bxg5 b4 17. Bxf6 Bxf6 18. Qxb4 Rb8 19. Bd3 Qc7 20. exd5 Bxd5 21.
Nxd5 exd5 22. Qa4 Bxb2+ 23. Kd2 Rfe8 24. Rdg1 Bc3+ 25. Kc1 Qb6 0-1

[Event "Oberliga Ost A"]
[Site "?"]
[Date "2022.07.10"]
[Round "7.3"]
[White "Hoepfl, Thomas"]
[Black "Noack, Marcel"]
[Result "1-0"]
[WhiteElo "2278"]
[BlackElo "2028"]
[PlyCount "119"]
[EventDate "2021.10.10"]
[EventType "team-tourn"]
[EventCountry "GER"]
[WhiteTeam "Halle USV"]
[BlackTeam "Magdeburg SG Aufbau Elbe II"]
[WhiteTeamCountry "GER"]
[BlackTeamCountry "GER"]

1. e4 g6 2. d4 Bg7 3. Nf3 d6 4. c3 Nf6 5. Bd3 Nbd7 6. O-O e5 7. Nbd2 O-O 8. a4
Ne8 9. Nc4 exd4 10. cxd4 d5 11. exd5 Ndf6 12. Nce5 Nxd5 13. Qb3 c6 14. Bc4 Nec7
15. Re1 Qd6 16. h3 Rb8 17. Bd2 Be6 18. Ng5 Rfd8 19. Ne4 Qe7 20. a5 Qe8 21. Rad1
Nb5 22. Bxb5 cxb5 23. Nc5 b6 24. Nxe6 Qxe6 25. Rc1 Bxe5 26. Rxe5 Qd6 27. axb6
Nxb6 28. Rxb5 Qxd4 29. Rc7 Rd7 30. Be3 Qd6 31. Rxd7 Qxd7 32. Ra5 Re8 33. Qc3
Qe7 34. Qd4 Rc8 35. Bh6 f6 36. Be3 Rc1+ 37. Bxc1 Qe1+ 38. Kh2 Qxa5 39. Qxf6 Nd5
40. Qe6+ Kg7 41. Qe5+ Kf7 42. Be3 a6 43. g3 Qb5 44. Bd4 Qd7 45. h4 Qf5 46. Qg7+
Ke6 47. Qb7 Qf3 48. Qc8+ Ke7 49. Qxa6 Kd7 50. Qb5+ Kd6 51. b4 g5 52. Qb8+ Kd7
53. Qb7+ Kd6 54. Bc5+ Ke6 55. Qc8+ Ke5 56. Qe8+ Kf5 57. Qf7+ Kg4 58. Qd7+ Kh5
59. Qxh7+ Kg4 60. Qg6 1-0

[Event "Oberliga Ost A"]
[Site "?"]
[Date "2022.07.10"]
[Round "7.4"]
[White "Sieber, Martin"]
[Black "Schulte, Felix"]
[Result "1/2-1/2"]
[WhiteElo "1937"]
[BlackElo "2163"]
[PlyCount "64"]
[EventDate "2021.10.10"]
[EventType "team-tourn"]
[EventCountry "GER"]
[WhiteTeam "Magdeburg SG Aufbau Elbe II"]
[BlackTeam "Halle USV"]
[WhiteTeamCountry "GER"]
[BlackTeamCountry "GER"]

1. d4 Nf6 2. Nf3 b6 3. c4 Bb7 4. g3 e6 5. Bg2 Bb4+ 6. Nbd2 O-O 7. a3 Be7 8. O-O
c5 9. e3 d6 10. b3 Nbd7 11. Qc2 Qc7 12. Bb2 Rac8 13. Rfe1 d5 14. cxd5 exd5 15.
Rac1 Rfe8 16. Nh4 Bf8 17. e4 dxe4 18. Nxe4 Nxe4 19. Bxe4 Nf6 20. Bxb7 Rxe1+ 21.
Rxe1 Qxb7 22. dxc5 Rxc5 23. Qe2 Qc6 24. Qf3 Qxf3 25. Nxf3 Rc2 26. Bxf6 gxf6 27.
b4 Rc3 28. Re3 Rc1+ 29. Kg2 a5 30. Re8 Rc3 31. bxa5 bxa5 32. Nd4 Rxa3 1/2-1/2

[Event "Oberliga Ost A"]
[Site "?"]
[Date "2022.07.10"]
[Round "7.5"]
[White "Reipsch, Jens"]
[Black "Brueggemann, Florian"]
[Result "1-0"]
[WhiteElo "2232"]
[BlackElo "1962"]
[PlyCount "81"]
[EventDate "2021.10.10"]
[EventType "team-tourn"]
[EventCountry "GER"]
[WhiteTeam "Halle USV"]
[BlackTeam "Magdeburg SG Aufbau Elbe II"]
[WhiteTeamCountry "GER"]
[BlackTeamCountry "GER"]

1. e4 c5 2. Nf3 d6 3. Bb5+ Bd7 4. Bxd7+ Nxd7 5. O-O Ngf6 6. Re1 e6 7. b3 Be7 8.
Bb2 O-O 9. d4 cxd4 10. Qxd4 Qb6 11. Qxb6 Nxb6 12. c4 Rfe8 13. Nc3 d5 14. cxd5
exd5 15. e5 Nh5 16. g3 Bb4 17. a3 Bxc3 18. Bxc3 g6 19. Bd4 Ng7 20. Bxb6 axb6
21. Nd4 Ne6 22. Nb5 Rec8 23. Red1 Rc5 24. a4 Rd8 25. Nd6 Rxd6 26. exd6 d4 27.
Rac1 Rd5 28. Rc4 Rxd6 29. Kf1 Kg7 30. Ke2 Kf6 31. b4 h5 32. Kd3 Kf5 33. f3 b5
34. axb5 Rd5 35. Ra1 Rxb5 36. Ra5 Rxa5 37. bxa5 Ke5 38. Rb4 Kd5 39. Rxb7 Nc5+
40. Ke2 d3+ 41. Kd1 1-0

[Event "Oberliga Ost A"]
[Site "?"]
[Date "2022.07.10"]
[Round "7.6"]
[White "Erbs, Susan"]
[Black "Sukaylo, Aleksey"]
[Result "0-1"]
[WhiteElo "2015"]
[BlackElo "2107"]
[PlyCount "80"]
[EventDate "2021.10.10"]
[EventType "team-tourn"]
[EventCountry "GER"]
[WhiteTeam "Magdeburg SG Aufbau Elbe II"]
[BlackTeam "Halle USV"]
[WhiteTeamCountry "GER"]
[BlackTeamCountry "GER"]

1. e4 e5 2. Nf3 Nc6 3. Bc4 Bc5 4. c3 Nf6 5. d4 exd4 6. cxd4 Bb4+ 7. Bd2 Bxd2+
8. Nbxd2 d5 9. exd5 Nxd5 10. Qb3 Na5 11. Qa4+ Nc6 12. Qb3 Nce7 13. O-O O-O 14.
Rfe1 c6 15. Ne4 Qb6 16. Qa3 a5 17. Nd6 Qb4 18. Qxb4 axb4 19. Ne5 Rb8 20. Rad1
Be6 21. Ne4 Rbd8 22. Nc5 Bc8 23. Bd3 Rfe8 24. f3 Nf4 25. Be4 Ned5 26. g3 Nh3+
27. Kg2 Ng5 28. Bxd5 Rxd5 29. Nxc6 Rxe1 30. Rxe1 Kf8 31. Ne5 Rxd4 32. Re2 f6
33. Ng4 Nxf3 34. Nf2 Ne5 35. Nb3 Rc4 36. Rd2 Ke7 37. Na5 Rc7 38. Re2 Be6 39. a3
bxa3 40. bxa3 b6 0-1

[Event "Oberliga Ost A"]
[Site "?"]
[Date "2022.07.10"]
[Round "7.8"]
[White "Willberg, Frank"]
[Black "Hentzgen, Thomas"]
[Result "1/2-1/2"]
[WhiteElo "1883"]
[BlackElo "2022"]
[PlyCount "97"]
[EventDate "2021.10.10"]
[EventType "team-tourn"]
[EventCountry "GER"]
[WhiteTeam "Magdeburg SG Aufbau Elbe II"]
[BlackTeam "Halle USV"]
[WhiteTeamCountry "GER"]
[BlackTeamCountry "GER"]

1. Nf3 d5 2. g3 Nd7 3. c4 dxc4 4. Na3 e5 5. Nxc4 e4 6. Nh4 Nb6 7. Nxb6 axb6 8.
Qc2 f5 9. b3 Be7 10. Ng2 Be6 11. Bb2 Bf6 12. Nf4 Bf7 13. h4 Bxb2 14. Qxb2 Qf6
15. Rb1 g6 16. Bg2 Qxb2 17. Rxb2 Ne7 18. O-O O-O 19. Rc1 c6 20. d3 exd3 21.
Nxd3 Ra5 22. Nf4 Rd8 23. Kf1 Kg7 24. Ke1 h6 25. Rd1 Rxd1+ 26. Kxd1 g5 27. hxg5
hxg5 28. Nd3 Kf6 29. e4 fxe4 30. Bxe4 Nf5 31. Ke2 Bh5+ 32. Kd2 Nd4 33. Ke3 Nb5
34. Rc2 Nd6 35. f3 Bf7 36. Rh2 Nf5+ 37. Bxf5 Kxf5 38. g4+ Kf6 39. f4 gxf4+ 40.
Kxf4 Bg6 41. Nf2 Bb1 42. Ne4+ Kg7 43. Rb2 Bxe4 44. Kxe4 Kf6 45. Rd2 Kg6 46. Kf4
Kf6 47. Rd7 Rxa2 48. Rxb7 b5 49. Rd7 1/2-1/2

[Event "Oberliga Ost A"]
[Site "?"]
[Date "2022.07.10"]
[Round "7.1"]
[White "Natsidis, Christoph"]
[Black "Geiling, Christian"]
[Result "1/2-1/2"]
[WhiteElo "2328"]
[BlackElo "2180"]
[PlyCount "29"]
[EventDate "2021.10.10"]
[EventType "team-tourn"]
[EventCountry "GER"]
[WhiteTeam "Leipzig SG"]
[BlackTeam "Leipzig VfB"]
[WhiteTeamCountry "GER"]
[BlackTeamCountry "GER"]

1. d4 Nf6 2. c4 c5 3. d5 b5 4. cxb5 a6 5. bxa6 Bxa6 6. Nc3 d6 7. Nf3 g6 8. e4
Bxf1 9. Kxf1 Bg7 10. g3 O-O 11. Kg2 Nbd7 12. a4 Qb6 13. Qe2 Rfb8 14. Bd2 Qb3
15. Rhb1 1/2-1/2

[Event "Oberliga Ost A"]
[Site "?"]
[Date "2022.07.10"]
[Round "7.2"]
[White "Heinrich, Thomas"]
[Black "Nguyen, Alex Dac Vuong"]
[Result "1/2-1/2"]
[WhiteElo "2196"]
[BlackElo "2318"]
[PlyCount "29"]
[EventDate "2021.10.10"]
[EventType "team-tourn"]
[EventCountry "GER"]
[WhiteTeam "Leipzig VfB"]
[BlackTeam "Leipzig SG"]
[WhiteTeamCountry "GER"]
[BlackTeamCountry "GER"]

1. Nf3 Nf6 2. d4 c5 3. c3 d5 4. Bf4 Nc6 5. e3 Qb6 6. Qb3 c4 7. Qc2 Bf5 8. Qc1
Nh5 9. Be2 e6 10. O-O Nxf4 11. exf4 Bd6 12. Nh4 Be4 13. g3 h6 14. Nd2 Bh7 15.
Ng2 1/2-1/2

[Event "Oberliga Ost A"]
[Site "?"]
[Date "2022.07.10"]
[Round "7.3"]
[White "Heistermann, Till"]
[Black "Collini, Carsten"]
[Result "1/2-1/2"]
[WhiteElo "2197"]
[BlackElo "2101"]
[PlyCount "83"]
[EventDate "2021.10.10"]
[EventType "team-tourn"]
[EventCountry "GER"]
[WhiteTeam "Leipzig SG"]
[BlackTeam "Leipzig VfB"]
[WhiteTeamCountry "GER"]
[BlackTeamCountry "GER"]

1. d4 d5 2. Bf4 e6 3. e3 Bd6 4. Bg3 Nf6 5. Nd2 O-O 6. Ngf3 c5 7. c3 b6 8. Bd3
Ba6 9. Bxa6 Nxa6 10. a4 Nb8 11. Qe2 Nc6 12. O-O Bxg3 13. hxg3 Qd6 14. dxc5 bxc5
15. e4 Nd7 16. Rfd1 Qc7 17. Nf1 dxe4 18. Ng5 Nf6 19. Nd2 e3 20. Qxe3 Ne5 21.
Nde4 Nxe4 22. Qxe4 Ng6 23. Rd2 Rab8 24. Rad1 Qe5 25. f4 Qf6 26. Nf3 h5 27. Re1
h4 28. Nxh4 Nxh4 29. gxh4 Qxh4 30. Re3 Qh7 31. Qxh7+ Kxh7 32. Re5 Rfc8 33. Rd7
Kg6 34. Re2 a6 35. Rd6 a5 36. Red2 c4 37. Ra6 Rc5 38. Kh2 Kf5 39. Kg3 g5 40.
fxg5 Kxg5 41. Rf2 Kg6 42. Kh2 1/2-1/2

[Event "Oberliga Ost A"]
[Site "?"]
[Date "2022.07.10"]
[Round "7.4"]
[White "Alahmad, Fadi"]
[Black "Roesemann, Rainer"]
[Result "0-1"]
[WhiteElo "2141"]
[BlackElo "2267"]
[PlyCount "88"]
[EventDate "2021.10.10"]
[EventType "team-tourn"]
[EventCountry "GER"]
[WhiteTeam "Leipzig VfB"]
[BlackTeam "Leipzig SG"]
[WhiteTeamCountry "GER"]
[BlackTeamCountry "GER"]

1. d4 Nf6 2. c4 e6 3. Nf3 b6 4. a3 Bb7 5. Nc3 d5 6. e3 Nbd7 7. Be2 Be7 8. O-O
O-O 9. Ne5 dxc4 10. Nxc4 c5 11. Bf3 Bxf3 12. Qxf3 cxd4 13. exd4 Qc7 14. Nd2
Rfd8 15. h3 a6 16. Re1 Nf8 17. Nde4 Rac8 18. Bf4 Qc4 19. Be3 Qb3 20. Rab1 Nxe4
21. Nxe4 Ng6 22. Nd2 Qb5 23. g3 Rc2 24. b4 Rc3 25. Rec1 Rxa3 26. Rc7 Qd3 27.
Qb7 Bf8 28. Rxf7 Ra2 29. Rc1 Rxd2 30. Bxd2 Qxd2 31. Rcc7 Qxd4 32. Kh2 a5 33.
bxa5 bxa5 34. h4 h5 35. Qa6 Qe5 36. Rb7 Nxh4 37. Qc6 Nf5 38. Qc4 Nd6 39. Qc7
Nxf7 40. Qxf7+ Kh7 41. Rb3 Bc5 42. Rb5 h4 43. Kh3 Rd3 44. f4 Qe2 0-1

[Event "Oberliga Ost A"]
[Site "?"]
[Date "2022.07.10"]
[Round "7.5"]
[White "Hoffmann, Hendrik"]
[Black "Just, Wolfgang"]
[Result "1/2-1/2"]
[WhiteElo "2235"]
[BlackElo "2101"]
[PlyCount "29"]
[EventDate "2021.10.10"]
[EventType "team-tourn"]
[EventCountry "GER"]
[WhiteTeam "Leipzig SG"]
[BlackTeam "Leipzig VfB"]
[WhiteTeamCountry "GER"]
[BlackTeamCountry "GER"]

1. e4 e6 2. d4 d5 3. Nc3 Bb4 4. exd5 exd5 5. Bd3 Nc6 6. a3 Ba5 7. Nge2 Nge7 8.
O-O Bg4 9. f3 Bf5 10. Bg5 f6 11. Be3 O-O 12. Ng3 Bxd3 13. Qxd3 Bxc3 14. Qxc3
Qd7 15. Rfe1 1/2-1/2

[Event "Oberliga Ost A"]
[Site "?"]
[Date "2022.07.10"]
[Round "7.6"]
[White "Mader, Joerg"]
[Black "Rausch, Stephan"]
[Result "0-1"]
[WhiteElo "2083"]
[BlackElo "2258"]
[PlyCount "84"]
[EventDate "2021.10.10"]
[EventType "team-tourn"]
[EventCountry "GER"]
[WhiteTeam "Leipzig VfB"]
[BlackTeam "Leipzig SG"]
[WhiteTeamCountry "GER"]
[BlackTeamCountry "GER"]

1. d4 d5 2. c4 e6 3. Nf3 c6 4. e3 f5 5. Nc3 Nf6 6. Ne5 Bd6 7. Be2 Bxe5 8. dxe5
Ne4 9. O-O Nxc3 10. bxc3 Qa5 11. Qb3 dxc4 12. Bxc4 Qxe5 13. Ba3 b5 14. Be2 a6
15. Qb4 Ra7 16. Rfd1 Kf7 17. Qa5 Qc7 18. Qxc7+ Rxc7 19. Bd6 Rb7 20. a4 Rd8 21.
axb5 axb5 22. Ra8 Nd7 23. Bb4 Re8 24. Rd6 c5 25. Ba5 Nf6 26. Rc6 Bd7 27. Rxe8
Bxc6 28. Rc8 Ra7 29. Rxc6 Rxa5 30. f3 c4 31. Bxc4 bxc4 32. Rxc4 Nd5 33. e4 Ra1+
34. Kf2 Ra2+ 35. Ke1 fxe4 36. fxe4 Ne3 37. Rc7+ Kg6 38. c4 Nxg2+ 39. Kf1 Ne3+
40. Kg1 Rg2+ 41. Kh1 Rc2 42. h4 Rxc4 0-1

[Event "Oberliga Ost A"]
[Site "?"]
[Date "2022.07.10"]
[Round "7.7"]
[White "Liedtke, Matthias"]
[Black "Schoen, Florian"]
[Result "1-0"]
[WhiteElo "2247"]
[BlackElo "1688"]
[PlyCount "107"]
[EventDate "2021.10.10"]
[EventType "team-tourn"]
[EventCountry "GER"]
[WhiteTeam "Leipzig SG"]
[BlackTeam "Leipzig VfB"]
[WhiteTeamCountry "GER"]
[BlackTeamCountry "GER"]

1. e4 e5 2. Nf3 Nc6 3. Bc4 Bc5 4. c3 Nf6 5. d3 d6 6. a4 a5 7. O-O Ba7 8. Na3 h6
9. Nc2 O-O 10. Be3 Ne7 11. Re1 Bg4 12. Bxa7 Rxa7 13. d4 exd4 14. Ncxd4 Ng6 15.
h3 Ne5 16. hxg4 Nxc4 17. Nf5 Ne5 18. Nxe5 dxe5 19. Qf3 Qd2 20. Rad1 Qg5 21. Qg3
Re8 22. f3 Raa8 23. Qf2 b6 24. Qd2 Qxd2 25. Rxd2 Red8 26. Red1 Rxd2 27. Rxd2
Kf8 28. Kf2 Rc8 29. Ke2 Ra8 30. Kd1 Rc8 31. Kc2 Ng8 32. b4 axb4 33. cxb4 Ne7
34. Kc3 Nxf5 35. gxf5 Ke8 36. a5 Ra8 37. axb6 cxb6 38. Kc4 Ra1 39. Rb2 Kd7 40.
Kb5 Kc7 41. Rc2+ Kb7 42. f6 g6 43. Rc6 Ra2 44. Rxb6+ Kc7 45. Ra6 Rxg2 46. Kc5
Kb7 47. Rb6+ Kc7 48. Rc6+ Kb7 49. b5 Rc2+ 50. Kd6 Rd2+ 51. Ke7 h5 52. Kxf7 h4
53. Ke7 h3 54. f7 1-0

[Event "Oberliga Ost A"]
[Site "?"]
[Date "2022.07.10"]
[Round "7.8"]
[White "Englert, Luca"]
[Black "Hentze, Markus"]
[Result "0-1"]
[WhiteElo "1741"]
[BlackElo "2123"]
[PlyCount "92"]
[EventDate "2021.10.10"]
[EventType "team-tourn"]
[EventCountry "GER"]
[WhiteTeam "Leipzig VfB"]
[BlackTeam "Leipzig SG"]
[WhiteTeamCountry "GER"]
[BlackTeamCountry "GER"]

1. e4 c5 2. Nf3 d6 3. d4 cxd4 4. Nxd4 Nf6 5. Nc3 a6 6. Rg1 e5 7. Nb3 Nc6 8. g4
h6 9. h4 Be6 10. g5 hxg5 11. hxg5 Nd7 12. Be3 Qc7 13. Nd5 Bxd5 14. exd5 Ne7 15.
Bg2 f5 16. gxf6 gxf6 17. Qd3 f5 18. O-O-O O-O-O 19. Kb1 Bh6 20. Bh3 Bxe3 21.
Qxe3 Rh7 22. Rg5 Rf8 23. Qg3 Kb8 24. Rg1 Qc4 25. Rg7 Rxg7 26. Qxg7 Rg8 27.
Qxg8+ Nxg8 28. Rxg8+ Ka7 29. Bxf5 Qxd5 30. Rg7 Nb6 31. a3 e4 32. Bh7 Qd1+ 33.
Ka2 Qxc2 34. Na5 Na4 35. Rxb7+ Ka8 36. Rb3 d5 37. f3 Qc7 38. fxe4 Qxa5 39. e5
Qc7 40. Bd3 Qxe5 41. Rb4 Nc5 42. Bf1 Ka7 43. Rh4 Qf6 44. Rh7+ Kb6 45. Bg2 Nd3
46. Kb3 Qxb2+ 0-1

[Event "Oberliga Ost A"]
[Site "?"]
[Date "2022.07.10"]
[Round "7.1"]
[White "Engelmann, Jakob"]
[Black "Mueller, Dominik"]
[Result "0-1"]
[WhiteElo "2263"]
[BlackElo "2224"]
[PlyCount "62"]
[EventDate "2021.10.10"]
[EventType "team-tourn"]
[EventCountry "GER"]
[WhiteTeam "Sangerhausen SV"]
[BlackTeam "Magdeburg SV Rochade"]
[WhiteTeamCountry "GER"]
[BlackTeamCountry "GER"]

1. d4 Nf6 2. c4 e6 3. Nc3 d5 4. cxd5 exd5 5. Qc2 Be7 6. Nf3 O-O 7. Bf4 c6 8. e3
Nbd7 9. Bd3 Re8 10. h3 Nf8 11. O-O-O Ng6 12. Ne5 Be6 13. g4 Qa5 14. Kb1 Ne4 15.
Nxg6 hxg6 16. Rc1 Nxc3+ 17. Qxc3 Qb6 18. Bc2 a5 19. g5 Bb4 20. Qd3 Bf5 21. Qe2
Qxd4 22. Bxf5 Qxf4 23. Bd3 Qxg5 24. Rcg1 Qh5 25. Qc2 Be7 26. f4 Bf6 27. e4 dxe4
28. Bxe4 Rad8 29. Re1 Rd4 30. Qg2 Bh4 31. Re2 Rexe4 0-1

[Event "Oberliga Ost A"]
[Site "?"]
[Date "2022.07.10"]
[Round "7.2"]
[White "Niering, Martin"]
[Black "Hellwig, Tobias"]
[Result "0-1"]
[WhiteElo "2163"]
[BlackElo "2201"]
[PlyCount "80"]
[EventDate "2021.10.10"]
[EventType "team-tourn"]
[EventCountry "GER"]
[WhiteTeam "Magdeburg SV Rochade"]
[BlackTeam "Sangerhausen SV"]
[WhiteTeamCountry "GER"]
[BlackTeamCountry "GER"]

1. e4 Nf6 2. e5 Nd5 3. d4 d6 4. Bc4 c6 5. Nf3 dxe5 6. Nxe5 Be6 7. O-O Nd7 8.
Nf3 Ne3 9. Bxe3 Bxc4 10. Re1 e6 11. Nbd2 Ba6 12. c4 Be7 13. Qc2 O-O 14. b3 b6
15. Ne4 h6 16. Bf4 Nf6 17. Rad1 Bb7 18. Ne5 Rc8 19. Ng3 Qe8 20. Qc1 Kh7 21. b4
Ng8 22. Qb1+ g6 23. Ng4 Kg7 24. Be5+ f6 25. Bf4 h5 26. Ne3 h4 27. Ne4 g5 28.
Nd6 Qd7 29. Nxc8 Qxc8 30. Bxg5 fxg5 31. Ng4 Nh6 32. Ne5 Rf6 33. Re2 Ba6 34. a4
Nf7 35. Ng4 Bxc4 36. Rc2 Rf4 37. Rxc4 Rxg4 38. Rdc1 Qd7 39. Rxc6 Qd5 40. g3 h3
0-1

[Event "Oberliga Ost A"]
[Site "?"]
[Date "2022.07.10"]
[Round "7.3"]
[White "Heyder, Florian"]
[Black "Horvath, Julia"]
[Result "1/2-1/2"]
[WhiteElo "2217"]
[BlackElo "2170"]
[PlyCount "87"]
[EventDate "2021.10.10"]
[EventType "team-tourn"]
[EventCountry "GER"]
[WhiteTeam "Sangerhausen SV"]
[BlackTeam "Magdeburg SV Rochade"]
[WhiteTeamCountry "GER"]
[BlackTeamCountry "GER"]

1. e4 e5 2. Nf3 Nc6 3. Nc3 Nf6 4. d4 exd4 5. Nd5 d6 6. Bb5 Bd7 7. O-O Be7 8.
Re1 O-O 9. Bxc6 bxc6 10. Nxe7+ Qxe7 11. Qxd4 c5 12. Qd3 Bc6 13. Bg5 h6 14. Bxf6
Qxf6 15. e5 Qf4 16. Qe3 Qf5 17. Qd3 Qxd3 18. cxd3 Bxf3 19. gxf3 Rfe8 20. Rac1
Kf8 21. Re4 Rab8 22. b3 a5 23. f4 Rb4 24. Kg2 Rxe4 25. dxe4 g5 26. Kf3 gxf4 27.
exd6 cxd6 28. Kxf4 Re6 29. Rc4 Rg6 30. h3 Rg2 31. Kf3 Rg1 32. Ra4 Rh1 33. Kg2
Re1 34. f3 Ke7 35. Rxa5 Ke6 36. Ra8 Kf6 37. Kg3 Rg1+ 38. Kf4 Rh1 39. Ra6 Ke7
40. e5 dxe5+ 41. Kxe5 Rxh3 42. Ra7+ Kf8 43. f4 Kg7 44. Rc7 1/2-1/2

[Event "Oberliga Ost A"]
[Site "?"]
[Date "2022.07.10"]
[Round "7.4"]
[White "Schulze, Nick"]
[Black "Guenther, Christian"]
[Result "1/2-1/2"]
[WhiteElo "1948"]
[BlackElo "2129"]
[PlyCount "43"]
[EventDate "2021.10.10"]
[EventType "team-tourn"]
[EventCountry "GER"]
[WhiteTeam "Magdeburg SV Rochade"]
[BlackTeam "Sangerhausen SV"]
[WhiteTeamCountry "GER"]
[BlackTeamCountry "GER"]

1. e4 Nf6 2. e5 Nd5 3. c4 Nb6 4. d4 d6 5. exd6 exd6 6. Nf3 Be7 7. Be2 O-O 8.
O-O Bg4 9. Qc2 Nc6 10. Rd1 Bf6 11. Be3 d5 12. c5 Bxf3 13. cxb6 Bxe2 14. bxc7
Qxc7 15. Qxe2 Rfe8 16. Qd2 Rac8 17. Nc3 Qd7 18. Rac1 h6 19. Ne2 Ne7 20. Ng3 b6
21. Nh5 Qf5 22. Ng3 1/2-1/2

[Event "Oberliga Ost A"]
[Site "?"]
[Date "2022.07.10"]
[Round "7.5"]
[White "Ellemann, Stefan"]
[Black "Pesztericz, Laszlo"]
[Result "0-1"]
[WhiteElo "2043"]
[BlackElo "2053"]
[PlyCount "60"]
[EventDate "2021.10.10"]
[EventType "team-tourn"]
[EventCountry "GER"]
[WhiteTeam "Sangerhausen SV"]
[BlackTeam "Magdeburg SV Rochade"]
[WhiteTeamCountry "GER"]
[BlackTeamCountry "GER"]

1. d4 Nf6 2. Bf4 g6 3. Nc3 Bg7 4. e4 d6 5. Qd2 O-O 6. O-O-O c6 7. h4 Qa5 8. Kb1
e5 9. dxe5 dxe5 10. Bg5 Be6 11. h5 Nxe4 12. Qe3 Nxc3+ 13. Qxc3 Qxa2+ 14. Kc1 e4
15. Qa3 Qxa3 16. bxa3 Nd7 17. f3 exf3 18. Nxf3 Ne5 19. hxg6 hxg6 20. Nxe5 Bxe5
21. Bd3 Rfe8 22. Rde1 Bg7 23. Rhf1 Bd5 24. g3 Bc3 25. Rd1 Re6 26. Bd2 Bxd2+ 27.
Kxd2 Rd8 28. Rb1 b6 29. Rb4 c5 30. Rbf4 c4 0-1